Colores A-Z - Estadísticas

Estadísticas generales
  • Esta prueba ha sido intentada 422 veces
    392 desde el último reinicio
  • La puntuación promedio es 15 de 21
Estadísticas de respuestas
Letra Respuesta % Correcto
A Amarillo Azul Agua Avellana Ámbar Añil
100%
N Negro Naranja
95%
M Morado Marrón Magenta Menta Malva Marfil Malaquita Mandarina Mostaza
94%
R Rosa Rojo Rubí
94%
B Blanco Beige Bermejo Bermellón
92%
V Verde Violeta Vainilla Vino
91%
G Granate Gris Grafito
85%
L Lima Ladrillo Lirio Llama Limón Lava Lila
83%
C Cian Ciruela Cobre Carmín Café Coral Crema Caqui Chocolate
80%
P Púrpura Plata Piel Pizarra Pardo
80%
D Dorado Dámasco
71%
O Oro Ocre Oliva
71%
E Esmeralda Escarlata
69%
F Frambuesa Fresa Fucsia
63%
T Turquesa Trigo
60%
S Salmón Sepia
53%
J Jade Jazmín
48%
U Uva
38%
Z Zafiro Zanahoria
35%
H Hueso Humo
34%
Y Yeso Yema
29%
No se encontraron pruebas coincidentes
Distribución de puntuación
Porcentaje de gente con cada puntuación
Porcentaje por número respondido
Historial de tus puntuaciones
No has intentado esta prueba desde el último reinicio